000 00337pab a2200145 454500
008 180718b2003 xxu||||| |||| 00| 0 eng d
100 _aNarayanan, M.K.
245 _aInternal security and governance
260 _c2003
300 _ap.92-101.
362 _aJan-Mar
650 _aState security
773 _aDialogue
909 _a55923
999 _c55923
_d55923